000
00231nam a2200097Ia 4500
001
815297
005
20250826171653.0
008
250824s9999 xx 000 0 und d
245
0
_a
YİRMİ 5
_c
SELCAN AYDIN
260
_b
DESTEK YAYINLARI
999
_c
815297
_d
815297